| 000 | 00436nam a22001337a 4500 | ||
|---|---|---|---|
| 040 | _cNUST | ||
| 082 | _a200 THE | ||
| 100 |
_aMaryam Hassan _988302 |
||
| 110 |
_aSupervisor Dr Farhan Hussain Co-Supervisor: Dr Sultan Daud _988303 |
||
| 245 | _aTH-SOF-1949-Crowd counting using deep learning based head detection | ||
| 260 |
_aISLAMABAD: _bNUST COLLEGE OF EME, _c2021. |
||
| 650 |
_aMS-COMPUTER ENGINEERING-18 _988304 |
||
| 942 |
_2ddc _cTHE |
||
| 999 |
_c587571 _d587571 |
||